000 01074nam a2200313 i 4500
003 DO-SdBNP
005 20250403150013.0
007 ta
008 250402t2024 dr 000 pdspa d
020 _z9789945500103
040 _aDO-SdBNP
_bspa
_cBNPHU
_erda
082 _aRD861
_bL318V
_222
100 1 _aLara Vizcaíno, Deuri
_d1994-
_eautor
_4aut.
_980055
245 1 0 _aVirginia, en mi escritura cruje la vida /
_cDeuri Lara Vizcaino
264 _aSanto Domingo :
_bEditora Nacional,
_bEditora Amigo del Hogar,
_c2024.
300 _a98 páginas
_c21 cm.
336 _atexto
_btxt
_2rdacontent
337 _asin mediación
_bn
_2rdamedia
338 _avolumen
_bnc
_2rdacarrier
490 1 _aPoesía
500 _aIncluye datos biográficos del autor en la solapa de la portada.
500 _aLa biblioteca posee la reimpresión de septiembre 2024.
586 _aPremio Joven de poesía Zacarías Espinal, 2020.
590 _aInventariado, 2025/ YL
650 7 _aPoesía Dominicana
650 7 _aLiteratura Dominicana
910 _aYLockward
942 _2ddc
_cLBS1
999 _c58575
_d58575